Hard Logo Quiz - Statistics

General Stats
  • This quiz has been taken 1,048 times
  • The average score is 86 of 206
Answer Stats
Picture Answer % Correct
Motorola
80%
Amazon
77%
Puma
77%
Domino's
76%
NASA
74%
Sprite
72%
Adidas
71%
Red Bull
70%
Gmail
69%
McDonald's
68%
Pinterest
67%
LG
66%
Skype
66%
Snickers
66%
Twix
66%
Warner Bros.
66%
7-Eleven
65%
Google
65%
Nivea
65%
Subway
65%
Netflix
64%
Apple
63%
KFC
63%
Lay's
63%
Lego
63%
Nintendo
63%
XBOX
63%
7Up
62%
Beats
62%
Coca-Cola
62%
Disney
62%
FedEx
62%
Fila
62%
Nike
62%
Pepsi
62%
The North Face
62%
Twitter
62%
YouTube
62%
Audi
61%
Facebook
61%
H&M
61%
L'Oreal
61%
Minecraft
61%
Monster
61%
Adobe
60%
BBC
60%
Doritos
60%
Excel
60%
Kit Kat
60%
MasterCard
60%
PayPal
60%
Pizza Hut
60%
Pringles
60%
Starbucks
60%
Taco Bell
60%
Wendy's
60%
Burger King
59%
Appstore
58%
Costco
58%
Lipton
58%
Microsoft
58%
New Balance
58%
NFL
58%
PowerPoint
58%
Skittles
58%
Yahoo
58%
ChatGPT
57%
Dell
57%
Monopoly
57%
Target
57%
Chanel
56%
Colgate
56%
Evian
56%
Firefox
56%
Walmart
56%
Lacoste
55%
Nestle
55%
Roblox
55%
Visa
55%
Yamaha
55%
Yamaha
55%
Gatorade
54%
Levi's
54%
Toys "R" Us
54%
Reese's
53%
Toblerone
52%
Harley-Davidson
51%
Tiffany
50%
BIC
49%
Dolby
49%
T-Mobile
49%
Kellogg's
48%
Mr.Clean
48%
Baskin-Robbins
47%
BP
47%
Cadbury
47%
Cheetos
47%
Converse
47%
Dunkin'
47%
Soundcloud
47%
Crunch
46%
Hershey's
46%
Nerf
46%
New York Times
46%
NBC
45%
Jif
44%
Schweppes
44%
Tabasco
43%
The Home Depot
43%
Fox
42%
Kodak
42%
Kraft
42%
Lululemon
42%
Nvidia
42%
Samsung
42%
Skoda
42%
Corvette
41%
Fruit Of The Loom
41%
Skechers
41%
Clash Of Clans
40%
Finding Nemo
39%
Rocket League
39%
AT&T
38%
Best Buy
38%
Hulu
38%
Little Caesar's
38%
Nespresso
38%
Atari
37%
Mountain Dew
37%
SEAT
37%
Nissan
36%
Smarties
36%
Chips Ahoy!
35%
P&G
35%
Bacardi
34%
Carl's Jr.
33%
Lufthansa
33%
Aquafina
32%
Payday
32%
Bayer
31%
Jollibee
31%
Quaker Oats
31%
American Express
30%
Green Giant
30%
Ruffles
30%
CBS
29%
Arm & Hammer
28%
Barclays
28%
CVS
28%
Hardee's
28%
ING
28%
Lowe's
28%
Nascar
27%
Tostitos
27%
Gerber
26%
JetPunk
26%
Wordpress
26%
Firestone
25%
Jelly Belly
25%
Illustrator
24%
eBay
23%
JBL
23%
Qantas
23%
Big Boy
22%
Whoppers
22%
Xerox
22%
York
22%
Tootsie roll
20%
Hoover
19%
Klondike
19%
Wall's
17%
General Mills
16%
Knorr
16%
Panasonic
16%
Sprint
16%
AOL
14%
BYU
13%
Intel
13%
Kinemaster
13%
Morton Salt
13%
TiVo
13%
Starter
12%
Tide
12%
S.Pellegrino
11%
Amtrak
10%
Fresco
10%
Fanta
9%
Girl Scouts
9%
Fuji
8%
Air lingus
6%
20th Century Studios
5%
AOL Messenger
5%
Quaker State
5%
ANC
4%
BPI
4%
Mang Inasal
4%
Uniqlo
4%
Xilam
4%
ZTE
4%
Barbour
3%
HypeHype
3%
Maytag
3%
Snapple
3%
Wonder Brand
3%
Genyo
2%
Kenmore
1%
No matching quizzes found
Score Distribution
Percent of People with Each Score
Percentile by Number Answered
Your Score History
You have not taken this quiz